• 首页
  • 本馆介绍
  • 公告通知
  • 最新文献
  • 馆藏检索
  • 电子资源
  • 读者导购
  • 参考咨询
  • 我的图书馆
  • 登录
  • 详细信息显示
  • 放入我的书架
  • 预约/预借图书
  • 作者相关作品
  • 分类相关作品
  • 丛书相关作品
  • 出版社相关作品

书目信息

  • 表格格式
  • 工作单格式
  • 卡片格式
题名:
体育教学法
    
 
作者: 卡恰什金 著 ;陈庆树 译
分册:  
出版信息: 北京   教育科学出版社  1984
页数: 364页
开本: 20cm
丛书名:
单 册:
中图分类: G807.04 , G633.96
科图分类:
主题词: 体育-教学法 , 教学法-体育 , 教育--各级
电子资源:
ISBN:
000 00775nam0 2200289 45
001 0184003045
005 20040705085743.4
010    @dCNY2.20
091    @a7232.225
100    @a19950415d1984 emky0chiy0121 ea
101 1  @achi@crus
102    @aCN@b110000
105    @ay z 000yy
106    @ar
200 10 @a体育教学法@Ati yu jiao xue fa@f(苏)卡恰什金,В.М.著@g陈庆树译
210    @a北京@c教育科学出版社@d1984
215    @a364页@d20cm
606    @a体育-教学法
606    @a教学法-体育
606 0  @a教育@x各级
690    @aG807.04@v3
690    @aG633.96@v3
701  1 @a卡恰什金@Aka qia shi jin@bВ.М.@4著
702  0 @a陈庆树@Achen qing shu@4译
801  0 @aCN@b上海图书馆@c20040506
801  2 @aCN@bNLC@c20040506
905    @dG633.96@e5@f1@b140365
    
    体育教学法/(苏)卡恰什金,В.М.著/陈庆树译.-北京:教育科学出版社,1984
    364页;20cm
    
    
    ISBN :CNY2.20
    
●
相关链接 在E读中查询图书 在五车中查询图书 在当当中查询图书 在豆瓣中查询图书


正题名:体育教学法     索取号:G633.96/5         预约/预借

序号 登录号 条形码 馆藏地/架位号 状态 备注
1 0140363   000601888   密集书库/ [索取号:G633.96/5] 在馆    
2 0140364   000601879   密集书库/ [索取号:G633.96/5] 在馆    
3 0140365   001940270   密集书库/ [索取号:G633.96/5] 在馆    
4 0140366   000601815   密集书库/ [索取号:G633.96/5] 在馆    
5 0140367   002067523   第一样本阅览室/ [索取号:G633.96/5] 在馆    
唐山师范学院图书馆 欢迎您!
大连网信软件有限公司© 版权所有